Pasantía de asistente del intendente del área de servicios generales de la Central Geotermica de Ahuachapán (Registro nro. 20803)

Detalles MARC
000 -CABECERA
Longitud fija campo de control 00893nam a22001817a 4500
003 - IDENTIFICADOR DELl NÚMERO DE CONTROL
Identificador del número de control OSt
005 - FECHA Y HORA DE LA ÚLTIMA TRANSACCIÓN
Fecha y hora de la última transacción 20160620105939.0
008 - CÓDIGOS DE INFORMACIÓN DE LONGITUD FIJA
Códigos de información de longitud fija 140214b2012 els spa
040 ## - FUENTE DE LA CATALOGACIÓN
Centro transcriptor BMC
100 1# - PUNTO DE ACCESO PRINCIPAL-NOMBRE DE PERSONA
9 (RLIN) 34231
Nombre de persona Pimentel Jaco, Mario Alejandro
245 10 - MENCIÓN DE TÍTULO
Título Pasantía de asistente del intendente del área de servicios generales de la Central Geotermica de Ahuachapán
Resto del título : Informe final
Mención de responsabilidad, etc. Mario Alejandro Pimentel Jaco
260 ## - PUBLICACIÓN, DISTRIBUCIÓN, ETC. (PIE DE IMPRENTA)
Lugar de publicación, distribución, etc. Santa Ana (El Salvador)
Nombre del editor, distribuidor, etc. Universidad Católica de El Salvador
Fecha de publicación, distribución, etc. 2012
300 ## - DESCRIPCIÓN FÍSICA
Extensión 1 v. (pág. var.)
Dimensiones 27 cm
Material anejo + 1 disco compacto
500 ## - NOTA GENERAL
Nota general Precede al tít.: Universidad Católica de El Salvador, Facultad de Ciencias Empresariales
502 ## - NOTA DE TESIS
Nota de tesis Trabajo de graduación para optar al grado académico de Licenciatura en Administración de Empresas
710 2# - PUNTO DE ACCESO ADICIONAL - NOMBRE DE ENTIDAD
9 (RLIN) 1067
Nombre de entidad o nombre de jurisdicción como elemento inicial Universidad Católica de El Salvador
Unidad subordinada Facultad de Ciencias Empresariales
942 ## - ENTRADA DE ELEMENTOS AGREGADOS (KOHA)
Fuente de clasificaión o esquema Dewey Decimal Classification
Koha [por defecto] tipo de item 4- Trabajo de Graduación
Existencias
Suprimido Perdido Fuente de clasificación o esquema Estropeado Restricciones de uso No para préstamo Código de colección Localización permanente Localización actual Localización en estanter&íacute;as Fecha adquisición Fuente de adquisición Número de inventario Préstamos totales Signatura completa Código de barras Fecha última consulta Fecha del precio de reemplazo Tipo de item de Koha
NULL NULL Dewey Decimal Classification NULL Prestable NULL NULL Biblioteca Miguel de Cervantes - UNICAES Biblioteca Miguel de Cervantes - UNICAES Sala Principal 24/06/2015 Donación - Mario Alejandro Pimentel Jaco 000811   P-000811 1032087 24/06/2015 24/06/2015 4- Trabajo de Graduación